| 000 | 01832cam a2200337 a 4500 | ||
|---|---|---|---|
| 001 | 16119502 | ||
| 005 | 20101210080702.0 | ||
| 008 | 100304s2010 enkab b 001 0deng | ||
| 020 | _a9780230231603 (hbk. : alk. paper) | ||
| 020 | _a0230231608 (hbk. : alk. paper) | ||
| 035 | _a(OCoLC)ocn548583319 | ||
| 040 |
_aDLC _cDLC _dUKM _dBTCTA _dYDXCP _dBWK _dC#P _dBWX _dCDX _dERASA _dDLC |
||
| 082 | 0 | 0 |
_a327.4505609043 _222 _bARI |
| 100 | 1 |
_aArielli, Nir, _d1975- _928817 |
|
| 245 | 1 | 0 |
_aFascist Italy and the Middle East, 1933-40 / _cNir Arielli. |
| 260 |
_aHoundmills, Basingstoke, Hampshire ; _aNew York : _bPalgrave Macmillan, _c2010. |
||
| 300 |
_axii, 257 p. : _bill., maps ; _c23 cm. |
||
| 504 | _aIncludes bibliographical references and index. | ||
| 505 | 0 | _aContinuity and change : Italy and the Middle East, 1870-1934 -- In the shadow of Ethiopia, 1935-June 1936 -- The protector of Islam, June 1936-March 1938 -- Italy and the Arab revolt in Palestine, 1936-9 -- Unattractive policies, April 1938-May 1940 -- The optimistic summer, June-October 1940. | |
| 600 | 1 | 0 |
_aMussolini, Benito, _d1883-1945 _xPolitical and social views. _928818 |
| 650 | 0 |
_aFascism _zItaly _xHistory _y20th century. _928819 |
|
| 651 | 0 |
_aItaly _xForeign relations _zMiddle East. _928820 |
|
| 651 | 0 |
_aMiddle East _xForeign relations _zItaly. _928821 |
|
| 651 | 0 |
_aItaly _xForeign relations _y1922-1945. _928822 |
|
| 651 | 0 |
_aItaly _xPolitics and government _y1922-1945. _928823 |
|
| 651 | 0 |
_aMiddle East _xPolitics and government _y1914-1945. _928824 |
|
| 653 |
_bPol _cFebruary2012 |
||
| 942 |
_2ddc _cBB |
||
| 999 |
_c16444 _d16444 |
||